000 00551cab a2200217 4500
001 X1869
008 090401t1994 xxu||||| |||| 00| 0 eng d
035 _a(Sirsi) u20057
041 _aeng
100 _aClayton, M.
245 _aOsborne Estates, Isle of Wight : restoration project
260 _c1994
350 _a0
490 _aBuilding Conservation Newsletter
_v(10) Summer 1994, 12-13(2)
650 _aENGLISH HERITAGE
650 _aOSBORNE HOUSE
650 _aREPAIRS
690 _aCONSERVATION
942 _n0
948 _c04/03/1997
999 _c13438
_d13438